50 Franchise Flicks Quiz Stats

 Plays Quiz Updated Dec 24, 2017

Challenge
Share
Tweet
Embed
Score 0/50 Timer 05:00
24 Plays Today
% Correct
Holmes
96.9%
Games
96.8%
Park
96.8%
Ninja
96.7%
Me
96.6%
Impossible
96.5%
Planet
96.3%
Future
96.3%
Fast
96.2%
13th
96.2%
Dusk
96%
Hills
95.9%
Summer
95.8%
Shrunk
95.8%
It
95.8%
Guardians
95.7%
Stone
95.4%
Nightmare
95.3%
Tomb
95.2%
Amazing
95.1%
Lion
94.5%
Runner
94.5%
Evil
94.4%
Ark
94.4%
Ring
94.1%
% Correct
Eleven
93.5%
Identity
93.4%
Witch
93.2%
Crocodile
93.1%
Begins
92.7%
Barbarian
92.3%
Menace
91.9%
Journey
91.2%
First
90.5%
Revenge
90.5%
Action
90.5%
Legend
89.5%
Curse
89.2%
Horror
88%
International
87.6%
Motion
85.6%
White
85.3%
Corn
84.9%
Cobra
84.3%
Beginning
81.1%
Police
80.8%
Troopers
80.2%
Mask
77.4%
Spirits
71.6%
Cruisers
70.9%

You're not logged in!

Compare scores with friends on all Sporcle quizzes.
Join for Free
OR
Log In

You Might Also Like...

Show Comments

Extras

Top Quizzes Today


Score Distribution

Your Account Isn't Verified!

In order to create a playlist on Sporcle, you need to verify the email address you used during registration. Go to your Sporcle Settings to finish the process.

Report this User

Report this user for behavior that violates our Community Guidelines.

Details: